| 000 | 00992cab a2200265 4500 | ||
|---|---|---|---|
| 001 | ABS67656 | ||
| 008 | 040331n2004 000 0 eng u | ||
| 035 | _a(Sirsi) u125689 | ||
| 100 | _aAllen, I. | ||
| 245 | _aAJ100 | ||
| 260 | _c2004 | ||
| 490 |
_aArchitects' Journal _v219(12) 25 March 2004, 37-82(28) |
||
| 520 | _aSurvey of the top 100 UK architectural practices ranked by number of qualified architects. Records the number of female architects employed. Includes league tables by architectural fee income, fee income per qualified architect and biggest regional players. Survey also covers favourite buildings, least favourite buildings and most admired architects. | ||
| 590 | _aABS | ||
| 650 | _aRANKINGS | ||
| 650 | _aARCHITECTS | ||
| 650 | _aFEE INCOME | ||
| 650 | _aARCHITECTURAL PRACTICES | ||
| 650 | _aWOMEN | ||
| 650 | _aAJ 100 | ||
| 650 | _aFEE EARNERS | ||
| 650 | _aSURVEYS | ||
| 690 | _aMANAGEMENT-BUSINESS MANAGEMENT-PROFESSIONAL PRACTICE | ||
| 942 | _n0 | ||
| 999 |
_c74333 _d74333 |
||